| 000 | 00657nam a22002177a 4500 | ||
|---|---|---|---|
| 003 | OSt | ||
| 005 | 20140310182442.0 | ||
| 008 | 130803t xxu||||| |||| 00| 0 eng d | ||
| 050 |
_aRS 97 _b.P552 2012 |
||
| 110 |
_aPhilippine Association of colleges of Pharmacy _97444 |
||
| 245 | _aThe Comprewnhive PACOP Pharmacy Reviewer / | ||
| 260 |
_aManila : _bPhilippine Association of colleges of Pharmacy, _cc2012 |
||
| 300 |
_a901 p. : _bill. ; _c31 cm. |
||
| 610 |
_aPhilippine Association of colleges of Pharmacy _97445 |
||
| 942 |
_2lcc _cSSLC |
||
| 999 |
_c13544 _d13544 |
||